Paroles - J't'emmène au vent - Louise attaque - Statistiques

Statistiques générales
  • Ce quiz a été pris 376 fois
  • Le résultat moyen est 227 sur 242
Statistiques - réponses
Paroles % Correct
j'
100%
je
100%
Je
100%
t'
100%
au
99%
de
99%
et
99%
te
99%
vent
99%
emmène
98%
que
98%
tu
98%
amour
97%
des
97%
est
97%
éternel
97%
viens
97%
voudrais
97%
artificiel
96%
dessus
96%
notre
96%
rappelles
96%
gens
95%
Allez
94%
pas
94%
en
91%
temps
87%
sois
85%
82%
ramènes
78%
devant
77%
celle
65%
le
64%
entends
59%
m'
54%
parfois
54%
plus
51%
souvent
51%
prennes
50%
appelles
36%
Aucun quiz correspondant
Distribution des résultats
% des personnes avec chaque résultat
Percentile par nombre de réponses
Votre historique - résultats
Vous n’avez pas pris ce quiz